| 000 | 01189cam a22003497a 4500 | ||
|---|---|---|---|
| 003 | CHAP | ||
| 005 | 20220329141429.0 | ||
| 008 | 971013s1988 r 00010 d | ||
| 010 | _a68022 | ||
| 011 | _a68994 | ||
| 035 | _a78468 | ||
| 040 | _cCHAP | ||
| 090 | _aTesis | ||
| 100 | 0 | 0 |
_aHernández Gómez, David. _954085 |
| 245 | 1 | 3 | _aLa evolución de la administración pública forestal y su relación actual dentro del entorno agropecuario |
| 260 |
_aChapingo, Méx. : _bEl autor, _c1988 |
||
| 300 | _a79 h. | ||
| 500 | _a26-153 | ||
| 502 | _aTesis (Ing. Agrónomo Esp. en Bosques) -- UACH. División de Ciencias Forestales | ||
| 590 |
_aALEPH _b10 _c20130110 _lUCH01 _h1404 |
||
| 590 |
_aBATCH-UPD _b10 _c20130110 _lUCH01 _h0900 |
||
| 590 |
_aBATCH-UPD _b10 _c20130410 _lUCH01 _h0529 |
||
| 590 |
_aBATCH-UPD _b10 _c20130914 _lUCH01 _h0702 |
||
| 590 |
_aBATCH-UPD _b10 _c20130914 _lUCH01 _h2143 |
||
| 590 |
_aCONVERSION _b10 _c20130109 _lUCH01 _h1337 |
||
| 650 | 1 | 4 |
_aBosques _xAdministración. _914003 |
| 650 | 1 | 4 |
_aBosques _xLeyes _zMéxico. _914332 |
| 650 | 1 | 4 |
_aRecursos forestales _zMéxico. _995075 |
| 901 | _aBK | ||
| 942 | _cTESIS | ||
| 949 |
_bBC _cTES _d-31342 _eTS1 _h21363 _i78468 _si |
||
| 999 |
_c68022 _d68022 |
||